| 000 | 00678nam a2200253Ia 4500 | ||
|---|---|---|---|
| 001 | 52152 | ||
| 005 | 20240114005253.0 | ||
| 007 | ta | ||
| 008 | 100423s2007 a g b000 u asm u | ||
| 020 | _a81-7339-489-x | ||
| 040 | _aCotton College,Guwah | ||
| 041 | _aasm | ||
| 082 |
_a891.411 _bBh 469 Su |
||
| 100 | _aBhattacharyya, Hiren . | ||
| 245 | 0 |
_aSugandhi Pakhila / _cHiren Bhattacharyya. _hTextual Documents |
|
| 250 | _a13th ed. / | ||
| 260 |
_aGuwahati : _bBanalata , _c2007. |
||
| 300 |
_a155 : _bIllustrated ; |
||
| 653 | _aG-Assamese Poem,Assamese Literature | ||
| 942 |
_2ddc _cBK |
||
| 999 |
_c52116 _d52116 |
||